| 000 | 00898cam a2200253 a 4500 | ||
|---|---|---|---|
| 001 | 2388575 | ||
| 005 | 20250317163657.0 | ||
| 008 | 850521s1985 pau b 000 0 eng | ||
| 020 | _a0800618742 (pbk.) | ||
| 041 | 1 | _aengger | |
| 050 | 0 | 0 |
_aBV4010 _b.B6313 1985 |
| 082 | 0 | 0 |
_a253 _219 |
| 100 | 1 |
_aBonhoeffer, Dietrich, _d1906-1945. |
|
| 245 | 1 | 0 |
_aSpiritual care / _cDietrich Bonhoeffer ; translated and with an introduction by Jay C. Rochelle. |
| 260 |
_aPhiladelphia : _bFortress Press, _cc1985. |
||
| 300 |
_a93 p. ; _c22 cm. |
||
| 500 | _a"Translated from the German 'Seelsorge,' Band V, Gesammelten Schriften (Munich: Chr. Kaiser Verlag, 1982)"--Verso t.p. | ||
| 650 | 0 | _aPastoral theology. | |
| 650 | 0 |
_aClergy _xOffice. |
|
| 650 | 0 |
_aPastoral theology _xBekennende Kirche. |
|
| 650 | 0 |
_aPastoral theology _xLutheran Church. |
|
| 650 | 0 |
_aLutheran Church _xClergy. |
|
| 942 |
_2lcc _cBK _n0 |
||
| 999 |
_c4891 _d4891 |
||